00261nam a2200109Ia 4500008004100000100002300041245003100064260002200095650001000117942000700127999001700134190216s9999||||xx |||||||||||||| ||und|| aVidyaniwas Mishra 0aHindi - Raskhan Rachnavali bMahavir Book Depo aHindi cBK c16438d16438